000 00176 a2200097 4500
001 5109
100 _aBrow
245 _aHeat
260 _a
_bLongmans
_c
090 _c4252
_d4252
942 _aNUST-CAE
_cM
_c30548
999 _c240182
_d240182